00537nam a2200157Ia 4500008004100000020001900041082001400060100002500074245003400099260002500133300001500158600003900173942000700212952014300219999001700362251118s9999 xx 000 0 und d a978-1861000606 a005.1 GRI aGrimes, Richard, Dr. 0aProfessional DCOM Programming aMumbai:bWrox,c2000 axix, 565p. aProgramming & Software Engineering cGB 00104070aUITUbUITUcGIFd2025-11-18eGifted by Anonymousl0o005.1 GRIpG388r2025-11-18 16:02:53w2025-11-18yGBzGifted by Anonymous c31666d31666